Obscure Batman Villains - Statistics

General Stats
  • This quiz has been taken 56 times
  • The average score is 6 of 16
Answer Stats
Picture Answer % Correct
Eraser
94%
Egghead
72%
Anarky
64%
Lord Death Man
55%
The Bookworm
55%
Mr. Bloom
47%
Penny Plunderer
47%
Zodiac Master
40%
Dr. No-Face
26%
The Spook
21%
Bag O'Bones
17%
Tiger Shark
17%
The Wizard
15%
Dr. Daka
13%
Mr. Roulette
13%
The Shiner
13%
No matching quizzes found
Score Distribution
Percent of People with Each Score
Percentile by Number Answered
Your Score History
You have not taken this quiz